| 000 | 01040nam a2200265Ia 4500 | ||
|---|---|---|---|
| 003 | OSt | ||
| 005 | 20220923211602.0 | ||
| 006 | a|||||r|||| 00| 0 | ||
| 007 | ta | ||
| 008 | 220922b |||||||| |||| 00| 0 san d | ||
| 020 |
_a9789387195301 (hbk) _c595 |
||
| 024 | _a348,332 | ||
| 037 |
_b240, 16/01/2019, Eastern Book Linkers _cTextual |
||
| 040 |
_aARTS _cARTS _bsan |
||
| 041 |
_2san _asan |
||
| 082 | _aL, 152Q8 | ||
| 100 |
_aरमन, इन्द्र नारायण, ले. _9160876 |
||
| 245 | 0 | _aयौगिक आहार - विहार एवं चिकित्सा पद्धति | |
| 246 | _aYaugik āhār - vihār evan chikitsā paddhati | ||
| 260 |
_aदिल्ली _b शिवालिक प्रकाशन _c2018 |
||
| 300 |
_a209पृ0 _ccm. |
||
| 650 |
_aचिकित्सा शास्त्र _9156276 |
||
| 942 |
_hL, 152Q8 _cTEXL _2CC |
||
| 999 |
_c301052 _d301052 |
||